000 00487nam a2200169Ia 4500
008 151021s9999 xx 000 0 und d
020 _a9.7802057071e+012
050 _aLC3981.S562010
245 _a_Introduction to special education making adifference
250 _a7th ed.
260 _aUSA pearson 2010
300 _axxviii,556p.;ill
500 _aIncludes index
650 _a_Special education
700 _a_Naomi Chowdhuri Tyler
980 _a^d20110111 02:37:13^okorir
999 _c5751
_d5751